[Event "DSOL 05 Liga Gr-A 1st"]
[Site "Playchess.com INT"]
[Date "2020.07.08"]
[Round "3.4"]
[White "Wurdig, Georg"]
[Black "Abbasov, Amil"]
[Result "1-0"]
[WhiteElo "1651"]
[BlackElo "1692"]
[PlyCount "39"]
[EventDate "2020.06.22"]
[EventType "team-tourn (rapid)"]
[EventCountry "GER"]
[SourceTitle "EXT 2021"]
[Source "ChessBase"]
[SourceDate "2020.10.23"]
[SourceVersion "1"]
[SourceVersionDate "2020.10.23"]
[SourceQuality "1"]
[WhiteTeam "Illingen"]
[BlackTeam "Knappen Wittekinds"]
[WhiteTeamCountry "GER"]
[BlackTeamCountry "GER"]

1. Nf3 Nf6 2. g3 d5 3. Bg2 Bf5 4. 0-0 Nbd7 5. c4 e6 6. d3 c6 7. cxd5 exd5 8. Nc3 Be7 9. Qc2 Nc5 10. b4 Ne6 11. b5 Rc8 12. bxc6 Rxc6 13. Ne5 Rc8 14. Qa4+ Kf8 15. Bb2 Qb6 16. Rab1 Bd6 17. Nxd5 Qc5 18. Nxf6 Qc7 19. Ned7+ Ke7 20. Nd5+ 1-0

[Event "Lippe Cup A 9th"]
[Site "Lieme"]
[Date "2012.10.14"]
[Round "5"]
[White "Abbasov, Amil"]
[Black "Bluebaum, Johanna"]
[Result "0-1"]
[WhiteElo "1710"]
[BlackElo "1930"]
[PlyCount "96"]
[EventDate "2012.10.12"]
[EventType "swiss"]
[EventRounds "5"]
[EventCountry "GER"]
[SourceTitle "EXT 2014"]
[Source "ChessBase"]
[SourceDate "2013.11.20"]
[SourceVersion "1"]
[SourceVersionDate "2013.11.20"]
[SourceQuality "1"]

1. e4 e6 2. d4 d5 3. exd5 exd5 4. c4 Nf6 5. Nc3 Be7 6. Bg5 c6 7. Bxf6 Bxf6 8. cxd5 cxd5 9. Nf3 0-0 10. Be2 Nc6 11. 0-0 Bg4 12. h3 Bh5 13. Re1 Re8 14. Qd2 Qd7 15. Ne5 Bxe5 16. dxe5 Bxe2 17. Rxe2 Rxe5 18. Rxe5 Nxe5 19. Qxd5 Qxd5 20. Nxd5 Rd8 21. Rc1 Kf8 22. Nc3 Nc6 23. Rd1 Rxd1+ 24. Nxd1 Ke7 25. f3 Nb4 26. a3 Nd3 27. g4 Ke6 28. Kg2 Ke5 29. Kg3 Kd4 30. f4 Kc4 31. Kf3 Kb3 32. Ke3 Nxb2 33. Nf2 Kxa3 34. Ne4 b5 35. Ng5 b4 36. Nxf7 b3 37. Ne5 Nd1+ 38. Kf3 b2 39. Nc4+ Kb4 40. Nxb2 Nxb2 41. Ke4 a5 42. f5 Nc4 43. Kd5 Ne3+ 44. Ke6 a4 45. Kf7 a3 46. Kxg7 a2 47. Kxh7 a1Q 48. Kg6 Qb1 0-1

[Event "Lippe Cup A 9th"]
[Site "Lieme"]
[Date "2012.10.13"]
[Round "2"]
[White "Schmuecker, Marcus"]
[Black "Abbasov, Amil"]
[Result "1-0"]
[WhiteElo "2185"]
[BlackElo "1710"]
[PlyCount "103"]
[EventDate "2012.10.12"]
[EventType "swiss"]
[EventRounds "5"]
[EventCountry "GER"]
[SourceTitle "EXT 2014"]
[Source "ChessBase"]
[SourceDate "2013.11.20"]
[SourceVersion "1"]
[SourceVersionDate "2013.11.20"]
[SourceQuality "1"]

1. Nf3 d5 2. d4 Nf6 3. c4 c6 4. Qc2 g6 5. Bf4 Bg7 6. e3 Bf5 7. Qb3 Qb6 8. c5 Qxb3 9. axb3 Nbd7 10. Nc3 0-0 11. h3 b6 12. Ba6 bxc5 13. Bb7 cxd4 14. exd4 Rad8 15. Bxc6 Nb8 16. Bb5 a6 17. Be2 Bc2 18. Ra3 Nc6 19. Rxa6 Nb4 20. Rb6 Nd3+ 21. Bxd3 Bxd3 22. Kd2 Be4 23. Ra1 Nh5 24. Be3 f5 25. Bg5 Bf6 26. Bxf6 exf6 27. Ne1 f4 28. f3 Bf5 29. Ra5 Rfe8 30. Rxd5 Ng3 31. Rxd8 Nf1+ 32. Kd1 Rxd8 33. d5 Ne3+ 34. Ke2 Nxd5 35. Nxd5 Rxd5 36. Rc6 Rb5 37. Rc3 Be6 38. Nd3 Bxb3 39. Nxf4 Bf7 40. Nd3 Rg5 41. Kf2 Ra5 42. b4 Ra2+ 43. Kg3 h5 44. b5 Ra1 45. Rc2 Rb1 46. Rb2 Rxb2 47. Nxb2 Kf8 48. b6 Bd5 49. Nd3 Ke7 50. Nf4 Bc6 51. Nxg6+ Kd6 52. Nf4 1-0

[Event "GER-ch U12"]
[Site "Oberhof"]
[Date "2012.06.01"]
[Round "10"]
[White "Lohrmann, Tabea"]
[Black "Abbasov, Amil"]
[Result "0-1"]
[WhiteElo "1339"]
[BlackElo "1665"]
[PlyCount "96"]
[EventDate "2012.05.27"]
[EventType "swiss"]
[EventRounds "11"]
[EventCountry "GER"]
[SourceTitle "CBM 148 Extra"]
[Source "ChessBase"]
[SourceDate "2012.06.22"]
[SourceVersion "1"]
[SourceVersionDate "2012.06.22"]
[SourceQuality "1"]

1. e4 Nf6 2. Nc3 d5 3. exd5 Nxd5 4. Nf3 Bg4 5. Bc4 e6 6. d4 c6 7. 0-0 Nd7 8. Qd3 Nb4 9. Qe2 Bxf3 10. Qxf3 Nxc2 11. Rb1 Nxd4 12. Qd3 Ne5 13. Qe3 Nxc4 14. Qe4 Be7 15. Rd1 c5 16. Be3 Nd6 17. Qd3 0-0 18. Bxd4 cxd4 19. Qxd4 Qb6 20. Qf4 Rfd8 21. b3 Rac8 22. Rbc1 Nf5 23. Rxd8+ Rxd8 24. Ne4 Qd4 25. h3 Nd6 26. Re1 Nxe4 27. Qxe4 Qxe4 28. Rxe4 Rd1+ 29. Kh2 Bd6+ 30. g3 Rd2 31. Kg2 Kf8 32. a4 Ke7 33. Kf3 Rd3+ 34. Re3 Rxe3+ 35. Kxe3 Bc5+ 36. Kf3 Kd6 37. g4 Ke5 38. Ke2 Kf4 39. a5 Bb4 40. a6 bxa6 41. f3 Kg3 42. h4 Kxh4 43. Kf2 f5 44. gxf5 exf5 45. Ke3 Kg3 46. Ke2 Bc5 47. b4 Bxb4 48. Ke3 a5 0-1

[Event "GER-ch U12"]
[Site "Oberhof"]
[Date "2012.05.31"]
[Round "8"]
[White "Wachsmann, Dietmar"]
[Black "Abbasov, Amil"]
[Result "0-1"]
[WhiteElo "1405"]
[BlackElo "1665"]
[PlyCount "78"]
[EventDate "2012.05.27"]
[EventType "swiss"]
[EventRounds "11"]
[EventCountry "GER"]
[SourceTitle "CBM 148 Extra"]
[Source "ChessBase"]
[SourceDate "2012.06.22"]
[SourceVersion "1"]
[SourceVersionDate "2012.06.22"]
[SourceQuality "1"]

1. e4 Nf6 2. Nc3 d5 3. e5 d4 4. exf6 dxc3 5. fxg7 cxd2+ 6. Qxd2 Qxd2+ 7. Bxd2 Bxg7 8. 0-0-0 0-0 9. Bd3 Be6 10. Kb1 Nc6 11. Nf3 h6 12. Rhg1 a5 13. a3 Rfb8 14. g4 b5 15. Be4 Ra6 16. Bxc6 Rxc6 17. Bxa5 Rc4 18. g5 h5 19. g6 fxg6 20. Rxg6 Bf5 21. Rxg7+ Kxg7 22. Bc3+ Kf8 23. Rd5 Be4 24. Rxh5 Rxc3 25. bxc3 Kg7 26. Ne5 Rf8 27. Rh4 Bh7 28. Rg4+ Kh6 29. Rb4 c6 30. f4 Ra8 31. Nxc6 Rxa3 32. Rb3 Rxb3+ 33. Ka2 Rxc3 34. Nxe7 Rxc2+ 35. Kb3 Rxh2 36. Nc6 Bg8+ 37. Kb4 Rb2+ 38. Ka3 Rb3+ 39. Ka2 Rc3+ 0-1

[Event "GER-ch U12"]
[Site "Oberhof"]
[Date "2012.05.28"]
[Round "3"]
[White "Abbasov, Amil"]
[Black "Simon, Tessa"]
[Result "1-0"]
[WhiteElo "1665"]
[BlackElo "1438"]
[PlyCount "105"]
[EventDate "2012.05.27"]
[EventType "swiss"]
[EventRounds "11"]
[EventCountry "GER"]
[SourceTitle "CBM 148 Extra"]
[Source "ChessBase"]
[SourceDate "2012.06.22"]
[SourceVersion "1"]
[SourceVersionDate "2012.06.22"]
[SourceQuality "1"]

1. e4 c5 2. c3 d5 3. exd5 Qxd5 4. d4 Nf6 5. Nf3 Bg4 6. Be2 e6 7. 0-0 Nc6 8. Be3 cxd4 9. cxd4 Be7 10. Nc3 Qd8 11. a3 a6 12. Qd2 0-0 13. Rfd1 Nd5 14. h3 Bf5 15. Bc4 Nxe3 16. fxe3 b5 17. Ba2 Qb6 18. Rac1 Rfd8 19. Qe2 b4 20. Na4 Qb5 21. Qxb5 axb5 22. Nb6 bxa3 23. Nxa8 axb2 24. Rxc6 Rxa8 25. Bb1 Bxb1 26. Rxb1 Ra1 27. Nd2 g6 28. Rc2 Ba3 29. Kh2 b4 30. Rcxb2 Bxb2 31. Rxb2 Ra3 32. Nc4 Ra4 33. Rb3 Kf8 34. Kg3 Ke7 35. Kf4 Kd7 36. Nb6+ Kc6 37. Nxa4 Kb5 38. Rxb4+ Kxb4 39. Nc5 Kc4 40. Nd7 Kd5 41. Nf6+ Kd6 42. Nxh7 Ke7 43. Ke5 Kd7 44. Kf6 Ke8 45. Ng5 Kd7 46. Nxf7 Ke8 47. Kxe6 Kf8 48. d5 Kg7 49. d6 Kf8 50. d7 Kg7 51. d8Q g5 52. Qh8+ Kg6 53. Qh6# 1-0